Представление документа в формате RUSMARC

ПолеНазваниеЗначение
  Тип записи a
  Библиографический уровень a
001 Контрольный номер RU/CBS_UL/BASE/3b4f5b02d4734b67a46bca5e06c42a83
005 Дата корректировки 20260426163048.7
100 Данные общей обработки __
a Данные общей обработки 20260426 ||| 0rusy0189 ca
101 Язык документа 0_
a Язык текста rus
102 Страна публикации __
a Страна публикации RU
200 Заглавие и сведения об ответственности 1_
a Заглавие Язвительный историк
e Сведения, относящиеся к заглавию [русский писатель М. Е. Салтыков-Щедрин и его роман "История одного города"]
f Первые сведения об ответственности С. Алдонин
300 Общие примечания __
a Общие примечания 16+
461 Уровень набора _0
1 2000
a Наша история
463 Уровень физической единицы _0
1 2000
a № 4
v С. 18-19 : фото
1 2101
d 2026
1 001RU/CBS_UL/BASE/82dba85a71a24088bb382b50d965f832
600 Персоналии _1
a Персоналии (Фамилия) Салтыков-Щедрин
b Персоналии (Имя, инициалы) М. Е.
606 Тематические рубрики 0_
a Основная рубрика Салтыков-Щедрин, Михаил Евграфович (1826-1889)
610 Ключевые слова 0_
a Ключевые слова писатели
610 Ключевые слова 0_
a Ключевые слова русские писатели
610 Ключевые слова 0_
a Ключевые слова писатели русские
610 Ключевые слова 0_
a Ключевые слова писатели-сатирики
610 Ключевые слова 0_
a Ключевые слова русские писатели-сатирики
610 Ключевые слова 0_
a Ключевые слова писатели-сатирики русские
610 Ключевые слова 0_
a Ключевые слова История одного города (романы)
686 Индексы других классификаций __
2 Код системы rubbk
a Классификационный индекс 83.3(2Рос=Рус)1
700 Автор _1
a Фамилия Алдонин
b Имя (инициалы) С.
801 Источник записи _0
a Страна RU
b Организация МБУК ЦБС г. Ульяновска
c Дата составления 20260426
g Правила каталогизации RCR
801 Источник записи _1
a Страна RU
b Организация МБУК ЦБС г. Ульяновска
c Дата составления 20260426
g Правила каталогизации RCR
901 Тип документа __
t Тип документа b
w Контрольный № источника RU/CBS_UL/BASE/82dba85a71a24088bb382b50d965f832
909 Создатель записи __
a Создатель записи lib2